1815 1962 1536 1048 1009 1961 1192 1048 1691 1720 1578 1510 1022 1829 1617 1961 1331 1285 1857 1233 1212 1640 1452 1122 1838 1645 1616 1699 1339 1739 1371 1387 1622 1570 1007 1344 1998 1623 1673 1591 1588 1927 1392 1843 1153 1687 1281 1227 1748 1381 1600 1974 1710 1046 1343 1894 1875 1135 1446 1998 1558 1124 1759 1742 1149 1261 1849 1347 1833 1942 1030 1106 1656 1171 1218 1702 1854 1616 1178 1118 1481 1077 1615 1889 1817 1623 1666 1753 1970 1423 1093 1966 1951 1558 1940 1456 1057 1750 1957 BCNSPRNW ULIB Ver.6.0+V

เปลี่ยนเป็นภาษาไทย

Change to English
 แสดงรายละเอียดบรรณานุกรม
  กลับหน้าหลัก

Brief Record : Get Marc (ISO 2709) : E-mail record : QR code < ปิดหน้าต่าง
LEADER : 00000nam 2200000uu 4500
001    13399123833
003     ULIB
008    141202s2556||||th 000 0 tha d
020    ^a9786165516921
060  4 ^aWS200^bจ451น
100    ^aจิตลัดดา ดีโรจนวงศ์
245    ^aแนวทางการดูแลรักษาปัญหาทางระบบหายใจที่พบบ่อยในเด็ก/^cจิตลัดดา ดีโรจนวงศ์
246 0  ^aPractical Approach to common respiratory problems in children
260    ^aบียอนด์ เอ็นเทอร์ไพรซ์ :^bกรุงเทพมหานคร,^c2556
300    ^a348 หน้า
500    ^aCough Chronic Cough Chest Pain Hemoptysis Noisy Breathing Acute Wheezing Recurrent Wheezing Apparent Life Threatening Events Recuurrent Persistent Pneumonia Common Respiratory Diseases
650    ^aปัญหาทางระบบหายใจ
945    ^p350^l0^i22304
945    ^p350^l0^i22305
945    ^p350^l0^i22306
999    ^aทศพร เกษรทอง
รายการนี้ยังไม่มีแท็ก
คุณยังไม่ได้ล็อกอิน คุณสามารถมีกิจกรรมร่วมกับเว็บไซต์ได้ แต่ต้องล็อกอินก่อน ::
  ล็อกอิน

รายการสื่อสารสนเทศ

ลำดับที่ ประเภท เลขเรียก/บาร์โค้ด สถานที่ สถานะ
1. วิทยาศาสตร์การแพทย์ และสุขภาพ
หนังสือสำรอง
สถานะ=หนังสือสำรอง
WS200 จ451น ฉ.1 
  Barcode: 22304
ห้องสมุดวิทยาเขตนครสวรรค์
►หนังสือทั่วไป:l:General Books
บนชั้น
2. วิทยาศาสตร์การแพทย์ และสุขภาพ
วิทยาศาสตร์การแพทย์ และสุขภาพ
สถานะ=หนังสือเก่า
WS200 จ451น ฉ.2 
  Barcode: 22305
ห้องสมุดวิทยาเขตนครสวรรค์
►ส่วนจัดเก็บหนังสือเก่า นว.
บนชั้น
  ขอยืม
3. วิทยาศาสตร์การแพทย์ และสุขภาพ
วิทยาศาสตร์การแพทย์ และสุขภาพ
สถานะ=หนังสือเก่า
WS200 จ451น ฉ.3 
  Barcode: 22306
ห้องสมุดวิทยาเขตนครสวรรค์
►ส่วนจัดเก็บหนังสือเก่า นว.
บนชั้น
  ขอยืม

รายการใกล้เคียง
    ผู้แต่ง [จิตลัดดา ดีโรจนวงศ์]

    หัวเรื่อง [ปัญหาทางระบบหายใจ]

BibComment


ยังไม่เคยถูกคอมเมนท์

คอมเมนท์ทรัพยากรรายการนี้
  คอมเมนท์: แนวทางการดูแลรัก..


 Copyright 2026. Bcnsprnw @Library